Анатомия человека (Запись № 10152541)

Подробности
000 -МАРКЕР
контрольное поле 01287nam1a2200289 4500
001 - ИДЕНТИФИКАТОР ЗАПИСИ
контрольное поле RU\NLR\BIBL_A\010505052
005 - ИДЕНТИФИКАТОР ВЕРСИИ
контрольное поле 20260405072939.0
010 ## - МЕЖДУНАРОДНЫЙ СТАНДАРТНЫЙ НОМЕР КНИГИ (ISBN)
Номер (ISBN) 978-5-900758-77-0
Тираж 3000
035 ## - ДРУГИЕ СИСТЕМНЫЕ НОМЕРА
Идентификатор записи (NLR Aleph) 010505052
100 ## - ДАННЫЕ ОБЩЕЙ ОБРАБОТКИ
Данные общей обработки 20141013d2014 u y0rusy50 ca
101 0# - ЯЗЫК РЕСУРСА
Язык текста, звукозаписи и т.д. русский
102 ## - СТРАНА ПУБЛИКАЦИИ ИЛИ ПРОИЗВОДСТВА
Страна публикации российская федерация
105 ## - ПОЛЕ КОДИРОВАННЫХ ДАННЫХ: ТЕКСТОВЫЕ МАТЕРИАЛЫ, МОНОГРАФИЧЕСКИЕ
Кодированные данные о монографическом текстовом документе ||||j|||00|yy
200 1# - ЗАГЛАВИЕ И СВЕДЕНИЯ ОБ ОТВЕТСТВЕННОСТИ
Основное заглавие Анатомия человека
Сведения, относящиеся к заглавию учебник для студентов, обучающихся на факультетах высшего сестринского образования медицинских вузов
-- в 2 т.
Первые сведения об ответственности под ред. акад. РАН, проф. М.Р. Сапина
205 ## - СВЕДЕНИЯ ОБ ИЗДАНИИ
Сведения об издании 7-е изд., испр.
210 ## - ПУБЛИКАЦИЯ, РАСПРОСТРАНЕНИЕ И ДР.
Место издания, распространения и т.д. Москва
Имя издателя, распространителя и т. д. Шико
Дата издания, распространения и т.д. 2014
215 ## - ФИЗИЧЕСКАЯ ХАРАКТЕРИСТИКА
Размеры 22
300 ## - ОБЩИЕ ПРИМЕЧАНИЯ
Текст примечания На обл. авт. не указаны
606 1# - НАИМЕНОВАНИЕ ТЕМЫ КАК ПРЕДМЕТ
Наименование темы Человек
Формальный подзаголовок Учебники для высших учебных заведений
Тематический подзаголовок Анатомия
Системный номер авторитетной/нормативной записи 2080069
Идентификатор авторитетной/нормативной записи RU\NLR\AUTH\661255980
686 1# - ИНДЕКСЫ ДРУГИХ КЛАССИФИКАЦИЙ
Индекс Е860я732Р-1
702 #1 - ИМЯ ЛИЦА - ВТОРИЧНАЯ ОТВЕТСТВЕННОСТЬ
Код отношения Редактор
Материалы, к которым относится поле rus
Графика поля Кириллица
Начальный элемент ввода Сапин
Часть имени, кроме начального элемента ввода М. Р.
Даты 1925-2015
Расширение инициалов личного имени Михаил Романович
Идентификатор авторитетной/нормативной записи RU\NLR\AUTH\7719900
Системный номер авторитетной/нормативной записи 2970
852 ## - МЕСТОНАХОЖДЕНИЕ И ШИФР ХРАНЕНИЯ
Идентификатор организации NLR
Шифр хранения (Call Number) 2014-5/7223
942 ## - ДОПОЛНИТЕЛЬНЫЕ ЭЛЕМЕНТЫ ЗАПИСИ (АБИС)
Тип экземпляра АБИС Книга
980 ## - КОЛЛЕКЦИЯ
Название коллекции Национальная библиография

Нет доступных экземпляров.